| 000 | 00600nam a22001937a 4500 | ||
|---|---|---|---|
| 005 | 20251108173449.0 | ||
| 008 | 250721s2005 xx 000 0 ara d | ||
| 082 | 1 | 4 | _a658.411/فقي |
| 100 | 1 | _aالفقيه، شادي علي | |
| 245 | 1 | 0 | _aإختيار الموظف / |
| 264 | 1 |
_aبيروت : _bدار نوبليس للنشر و التوزيع، _c2005. |
|
| 300 | _a91 ص. | ||
| 490 | 0 | _aالسلسة الإدارية الحديثة | |
| 650 | 1 | 7 | _aإدارة الأفراد |
| 650 | 1 | 7 | _aإختيار الموظفين |
| 650 | 1 | 7 | _aالتعيين |
| 942 |
_2ddc _cBK |
||
| 999 |
_c104496 _d104496 |
||